[Event "Katowice POL-HUN 3rd"]
[Site "Katowice"]
[Date "2015.03.21"]
[Round "5"]
[White "Pawlowski, Reinhold"]
[Black "Lewtak, Damian"]
[Result "0-1"]
[WhiteElo "2077"]
[BlackElo "2301"]
[PlyCount "84"]
[EventDate "2015.03.21"]
[EventType "swiss (rapid)"]
[EventRounds "9"]
[EventCountry "POL"]
[SourceTitle "CBM 165 Extra"]
[Source "ChessBase"]
[SourceDate "2015.04.21"]
[SourceVersion "1"]
[SourceVersionDate "2015.04.21"]
[SourceQuality "1"]

1. e4 c5 2. Nc3 Nc6 3. Nf3 Nf6 4. d4 d5 5. e5 cxd4 6. Nb5 Nd7 7. Nbxd4 Ndxe5 8. Bb5 Nxf3+ 9. Qxf3 Bd7 10. Nxc6 Bxc6 11. Bxc6+ bxc6 12. 0-0 e6 13. c4 Bd6 14. cxd5 cxd5 15. Qg4 0-0 16. Re1 Qf6 17. a4 Rfc8 18. Qe2 Qf5 19. Be3 Qe5 20. g3 d4 21. Bf4 Qxe2 22. Rxe2 Bxf4 23. gxf4 Rab8 24. Rae1 g6 25. Re4 Rc4 26. Rd1 Rxa4 27. Rexd4 Rxd4 28. Rxd4 Rxb2 29. Ra4 Rb7 30. Kg2 Kg7 31. Kg3 Kf6 32. h4 h5 33. Ra5 Ke7 34. Kf3 Kd6 35. Kg3 Kc6 36. Ra4 Kb5 37. Rd4 a5 38. Rd2 Ra7 39. Rb2+ Kc4 40. Kf3 a4 41. Ke2 a3 42. Ra2 Kb3 0-1

[Event "Chorzow op"]
[Site "Chorzow"]
[Date "2007.03.28"]
[Round "7"]
[White "Pawlowski, Reinhold"]
[Black "Widera, Jan"]
[Result "0-1"]
[WhiteElo "2082"]
[BlackElo "2154"]
[PlyCount "54"]
[EventDate "2007.03.24"]
[EventType "swiss"]
[EventRounds "9"]
[EventCountry "POL"]
[SourceTitle "EXT 2011"]
[Source "ChessBase"]
[SourceDate "2010.11.26"]
[SourceVersion "1"]
[SourceVersionDate "2010.11.26"]
[SourceQuality "1"]

1. e4 c5 2. Nc3 e6 3. d3 d5 4. exd5 exd5 5. d4 Nf6 6. Bg5 Be6 7. Nf3 Nc6 8. Be2 Be7 9. 0-0 0-0 10. Bxf6 Bxf6 11. dxc5 Bxc3 12. bxc3 Qa5 13. Qd3 Qxc5 14. Ng5 g6 15. Nxe6 fxe6 16. Rab1 Rf7 17. Qh3 Re8 18. Rb5 Qd6 19. Re1 a6 20. Rbb1 e5 21. Rbd1 Qc5 22. Rf1 Kg7 23. Bg4 Rd8 24. Rd2 d4 25. cxd4 Rxd4 26. Re2 Qc4 27. Rfe1 Rxg4 0-1

[Event "Chorzow op"]
[Site "Chorzow"]
[Date "2007.03.27"]
[Round "6"]
[White "Santura, Janusz"]
[Black "Pawlowski, Reinhold"]
[Result "0-1"]
[WhiteElo "1804"]
[BlackElo "2082"]
[PlyCount "90"]
[EventDate "2007.03.24"]
[EventType "swiss"]
[EventRounds "9"]
[EventCountry "POL"]
[SourceTitle "EXT 2011"]
[Source "ChessBase"]
[SourceDate "2010.11.26"]
[SourceVersion "1"]
[SourceVersionDate "2010.11.26"]
[SourceQuality "1"]

1. d4 g6 2. c4 Bg7 3. Nf3 Nf6 4. Nc3 b6 5. e4 d6 6. Be2 Bb7 7. Qc2 Nbd7 8. 0-0 0-0 9. Bf4 c5 10. d5 Nh5 11. Bg5 h6 12. Be3 a6 13. Nd2 Nhf6 14. f4 e6 15. dxe6 fxe6 16. e5 dxe5 17. Qxg6 exf4 18. Bxf4 Qe8 19. Qg3 Nh5 20. Bxh5 Qxh5 21. Rae1 Rae8 22. Nde4 Kh8 23. Be3 Be5 24. Bf4 Bd4+ 25. Kh1 Rg8 26. Qf3 Qg6 27. Qh3 h5 28. Bg3 Re7 29. Rf4 Rh7 30. Ref1 Be5 31. Rh4 Bd4 32. Rhf4 Be5 33. Rh4 Bxg3 34. Nxg3 Ne5 35. Nce4 Ng4 36. Nd6 Ne3 37. Nxb7 Nxf1 38. Nxf1 Rxb7 39. Rxh5+ Rh7 40. Qc3+ Rgg7 41. Rxh7+ Kxh7 42. g3 Rf7 43. Ne3 Rf2 44. Kg1 Re2 45. Nf1 Qe4 0-1

[Event "Chorzow op"]
[Site "Chorzow"]
[Date "2007.03.24"]
[Round "2"]
[White "Sitko, Marek"]
[Black "Pawlowski, Reinhold"]
[Result "0-1"]
[WhiteElo "1721"]
[BlackElo "2082"]
[PlyCount "67"]
[EventDate "2007.03.24"]
[EventType "swiss"]
[EventRounds "9"]
[EventCountry "POL"]
[SourceTitle "EXT 2011"]
[Source "ChessBase"]
[SourceDate "2010.11.26"]
[SourceVersion "1"]
[SourceVersionDate "2010.11.26"]
[SourceQuality "1"]

1. e4 e5 2. Nf3 Nc6 3. d4 exd4 4. Nxd4 Nxd4 5. Qxd4 d6 6. Bc4 Nf6 7. Nc3 Be7 8. 0-0 0-0 9. Bg5 a6 10. Rad1 c5 11. Qe3 Ng4 12. Bxe7 Nxe3 13. Bxd8 Nxd1 14. Rxd1 Rxd8 15. e5 Bf5 16. exd6 b5 17. Bd3 Be6 18. Ne4 Rac8 19. Be2 h6 20. Bf3 Kh8 21. h3 Rc6 22. g4 g6 23. Re1 Bd5 24. Ng5 hxg5 25. Bxd5 Rcxd6 26. Bxf7 Kg7 27. Re7 R8d7 28. Rxd7 Rxd7 29. Be6 Rd2 30. c4 Rxb2 31. cxb5 axb5 32. Kg2 Kf6 33. Bd5 c4 34. Bc6 0-1